00650nam a2200217 a 4500001001000000003000900010005001700019007000300036008004100039040003000080041000800110082001900118100004200137245004600179264004900225300002800274336002700302337003300329338002800362500004200390000021323DO-SdBNP20250204095951.0ta100906s1976 dr 000 0 spa d aDO-SdBNPbspacBNPHUerda hspa axxxbC422e2221 aCéspedes, Diógenes,d1941-eautor10aEscritos críticos /cDiogenes Cespedes. aSanto Domingo :bCultural Dominicana,c1976. a302 páginas ;c23 cm. ardacontentbtexto2txt ardamediabsin mediación2n ardacarrierbvolumen2nc aIncluye notas al pie de las páginas